Normal view
MARC view
- Mejía Zúñiga, Raúl,
Entry Nombre Personal
001 - NUMERO DE CONTROL
- campo de control: 29284
003 - IDENTIFICADOR DE NUMERO DE CONTROL
- campo de control: UPN
005 - FECHA Y HORA DE LA ÜLTIMA TRANSACCIÓN
- campo de control: 20210219194402.0
008 - DATOS DE LONGITUD FIJA
- campo de control de longitud fija: nabaccnnaabn|||||||||| b |nc|||||d
035 ## - NUMERO DE CONTROL
- Número de control: UPN11000001390
040 ## - FUENTE DE CATALOGACIÓN
- Lenguaje de catalogación: SPA
- Agencia de transcripción: UPN
100 1# - ENCABEZAMIENTO - NOMBRE PERSONAL
- Nombre personal: Mejía Zúñiga, Raúl,
- Fechas asociadas con el nombre: n. 1914
670 ## - FUENTE EN LA QUE SE LOCALIZARON DATOS
- Cita de la fuente: T
- Uniform Resource Identifier: http://biblioweb.tic.unam.mx/diccionario/htm/biografias/bio_m/mejia_zuniga.htm
680 ## - NOTA PUBLICA DE ACCESO PÚBLICO
- Frase explicativa de la referencia: Profesor mexicano
902 ## - CATALOGADOR
- Catalogador: DAA/120508
